| 000 | 01270cam a22002054a 4500 | ||
|---|---|---|---|
| 005 | 20250605164203.0 | ||
| 008 | 250528s ||||||||||||||||||||||||d | ||
| 035 | _a19778 | ||
| 020 | _a521446201 | ||
| 040 |
_aGR-AtMCL _bgre _dGR-AtMCL _eAACR2 |
||
| 245 | 1 | _aEnglish for Business Communication / A Short Course Consisting of Five Modules: Cultural Diversity and Socialising, Telephoning, Presentations, Meetings and Negotiations: Student's Book | |
| 250 | _a1st | ||
| 260 |
_bCambridge University Press, _c1997 |
||
| 300 | _a158 | ||
| 520 | _aA short course for intermediate level students who need to improve their communicative ability. Introduction, Cultural Diversity, Building a Relationship, Culture and Entertainment, Telephoning, Could I Leave a Message?, Good to Hear from You Again!, Unfortunately there's a Problem..., Presentations, Planning and Getting Started, Image and Impact and Making an Impression, The Middle of the Presentation, The End is Near...this is the End, Meetings, Making Meetings Effective, Sorry to Interrupt but..., What Do You Mean by...?, Negotiations, Know What You Want, Getting What You Can, Not Getting What You Don't Want, File Cards. | ||
| 700 | 1 |
_aSweeney Simon _95977 |
|
| 942 | _cBK | ||
| 999 |
_c5034 _d5034 |
||